000
00303nam a2200133Ia 4500
008
231129s1995||||xx |||||||||||||| ||spa||
040
_b
spa
082
_a
347 R621p
100
_a
Rivera Martinez Alfonso
245
0
_a
Práctica forense civil
260
_c
1995
264
_a
Leyer
942
_2
ddc
_c
BKS
999
_c
23106
_d
23106